Normal view
MARC view
Entry Topical Term
001 - CONTROL NUMBER
- control field: 7052
003 - CONTROL NUMBER IDENTIFIER
- control field: dpl
005 - DATE AND TIME OF LATEST TRANSACTION
- control field: 20100805151719.0
008 - FIXED-LENGTH DATA ELEMENTS
- fixed length control field: 100805|||a|||||| | ||| d
040 ## - CATALOGING SOURCE
- Original cataloging agency: dpl
- Transcribing agency: dpl
150 ## - HEADING--TOPICAL TERM
- Topical term or geographic name as entry element: Computer Programming
670 ## - SOURCE DATA FOUND
- Source citation: Work cat.: (dpl)39286: Jain,Satish 1584, Computer fundamentals and data processing /, 2010
670 ## - SOURCE DATA FOUND
- Source citation: Work cat.: (dpl)39286: Jain,Satish 1584, Computer fundamentals and data processing /, 2010
